5HLuxD.jpg

KING HENRY VIII SENIOR AND PRIMARY SCHOOL LIBRARY OPAC

Big Nate. (Record no. 2034)

000 -LEADER
fixed length control field 01059cam a2200337 i 4500
001 - CONTROL NUMBER
control field 020371858
003 - CONTROL NUMBER IDENTIFIER
control field UkOxU
005 - DATE AND TIME OF LATEST TRANSACTION
control field 20230301152041.0
008 - FIXED-LENGTH DATA ELEMENTS--GENERAL INFORMATION
fixed length control field 150713s2014 enka j 000 0 eng c
015 ## - NATIONAL BIBLIOGRAPHY NUMBER
National bibliography number GBB596891
Source bnb
020 ## - INTERNATIONAL STANDARD BOOK NUMBER
International Standard Book Number 9780007569076 (pbk.) :
035 ## - SYSTEM CONTROL NUMBER
System control number (StEdNL)5856588
035 ## - SYSTEM CONTROL NUMBER
System control number (Uk)017102752
040 ## - CATALOGING SOURCE
Original cataloging agency UK-WkNB
Language of cataloging eng
Description conventions rda
Transcribing agency UK-WkNB
Modifying agency StEdNL
-- UkOxU
-- KH8
042 ## - AUTHENTICATION CODE
Authentication code ukscp
082 04 - DEWEY DECIMAL CLASSIFICATION NUMBER
Classification number 793.73 PEI
100 1# - MAIN ENTRY--PERSONAL NAME
Personal name Peirce, Lincoln,
Relator term author,
-- artist.
245 10 - TITLE STATEMENT
Title Big Nate.
Name of part/section of a work Laugh-o-rama /
Statement of responsibility, etc. Lincoln Peirce.
246 30 - VARYING FORM OF TITLE
Title proper/short title Laugh-o-rama
264 #1 - PRODUCTION, PUBLICATION, DISTRIBUTION, MANUFACTURE, AND COPYRIGHT NOTICE
Place of production, publication, distribution, manufacture London :
Name of producer, publisher, distributor, manufacturer HarperCollins Children's Books,
Date of production, publication, distribution, manufacture, or copyright notice 2014.
264 #3 - PRODUCTION, PUBLICATION, DISTRIBUTION, MANUFACTURE, AND COPYRIGHT NOTICE
Place of production, publication, distribution, manufacture St Ives :
Name of producer, publisher, distributor, manufacturer Clays Ltd.,
Date of production, publication, distribution, manufacture, or copyright notice 2nd printing, [2015]
300 ## - PHYSICAL DESCRIPTION
Extent 205 pages
Other physical details illustrations ;
Dimensions 20 cm
336 ## - CONTENT TYPE
Content type term text
Source rdacontent
336 ## - CONTENT TYPE
Content type term still image
Source rdacontent
337 ## - MEDIA TYPE
Media type term unmediated
Source rdamedia
338 ## - CARRIER TYPE
Carrier type term volume
Source rdacarrier
600 10 - SUBJECT ADDED ENTRY--PERSONAL NAME
Personal name Peirce, Lincoln.
Title of a work Big Nate (Comic strip)
Form subdivision Miscellanea
-- Juvenile literature.
650 #0 - SUBJECT ADDED ENTRY--TOPICAL TERM
Topical term or geographic name entry element Questions and answers.
650 #0 - SUBJECT ADDED ENTRY--TOPICAL TERM
Topical term or geographic name entry element Games.
942 ## - ADDED ENTRY ELEMENTS (KOHA)
Source of classification or shelving scheme
Koha item type Books - Non Ficton
Holdings
Withdrawn status Lost status Source of classification or shelving scheme Damaged status Not for loan Collection code Permanent Location Current Location Shelving location Date acquired Total Checkouts Full call number Barcode Date last seen Date last checked out Price effective from Koha item type
          Non-Fiction KH8 Primary School Library KH8 Primary School Library Non Fiction 2023-03-01 9 793.73 PEI KHPL000003744 2025-12-05 2024-09-18 2023-03-01 Books - Non Ficton

Powered By KH8 IT Dept